Turistika "sype" - nielen keď sú hostia Štátna propagácia cestovného ruchu stále chýba
Rozvoj vidieckeho cestovného ruchu a agroturistiky na Slovensku. Programy podpory rozvoja cestovného ruchu. Program zameraný na ubytovacie a stravovacie služby a celý rozsah doplnkových služieb. Kategorizácia ubytovacích a stravovacích zariadení. Nepriama podpora malých a stredných podnikateľov v te...
Saved in:
| Main Author: | |
|---|---|
| Format: | Book Chapter |
| Language: | Slovak |
| Subjects: | |
| Tags: |
No Tags, Be the first to tag this record!
|
MARC
| LEADER | 00000naa a2200000 4500 | ||
|---|---|---|---|
| 001 | r016502 | ||
| 005 | 20221205091009.7 | ||
| 041 | 0 | |a slo | |
| 044 | |a SK | ||
| 245 | 1 | 0 | |a Turistika "sype" - nielen keď sú hostia |b Štátna propagácia cestovného ruchu stále chýba |c Dagmar Krištofičová |
| 520 | |a Rozvoj vidieckeho cestovného ruchu a agroturistiky na Slovensku. Programy podpory rozvoja cestovného ruchu. Program zameraný na ubytovacie a stravovacie služby a celý rozsah doplnkových služieb. Kategorizácia ubytovacích a stravovacích zariadení. Nepriama podpora malých a stredných podnikateľov v tejto oblasti podnikania. Výsledky prieskumu cestovného ruchu na Slovensku. Chýba štátna propagácia a marketing. Združenie podnikateľov v agroturistike a Asociácia informačných centier preberajú úlohy spojené s rozvojom cestovného ruchu na Slovensku. | ||
| 610 | 2 | 0 | |a ruch cestovný |
| 610 | 2 | 0 | |a vidiek |
| 610 | 2 | 0 | |a agroturistika |
| 610 | 2 | 0 | |a Slovensko |
| 610 | 2 | 0 | |a propagácia |
| 610 | 2 | 0 | |a podnikanie |
| 610 | 2 | 0 | |a programy rozvojové |
| 610 | 2 | 0 | |a služby |
| 610 | 2 | 0 | |a zariadenia stravovacie |
| 610 | 2 | 0 | |a zariadenia rekreačné |
| 610 | 2 | 0 | |a združenia |
| 610 | 2 | 0 | |a podnikatelia |
| 610 | 2 | 0 | |a služby informačné |
| 100 | 1 | |a Krištofičová, Dagmar | |